| 000 | 01352nam a2200181Ia 4500 | ||
|---|---|---|---|
| 008 | 151202s9999||||xx |||||||||||||| ||und|| | ||
| 082 | _bPNVM-74423 | ||
| 100 | _aपाटील शरद्. | ||
| 245 | _aदासशूद्रांची गुलामगिरी-भारतीय दासप्रथा व सामंतप्रथा आणि त्यांची तत्वज्ञाने यांच्या उगमाची अन्वीक्षा खंड.1. | ||
| 260 | _b"मावळाई प्रकाशन शिरुर, जि.पुणे." | ||
| 260 | _c74423 | ||
| 300 | _a508 | ||
| 600 | _aपाटील शरद्. | ||
| 630 | _aदासशूद्रांची गुलामगिरी-भारतीय दासप्रथा व सामंतप्रथा आणि त्यांची तत्वज्ञाने यांच्या उगमाची अन्वीक्षा खंड.1. | ||
| 700 | _aपाटील शरद्. | ||
| 730 | _aदासशूद्रांची गुलामगिरी-भारतीय दासप्रथा व सामंतप्रथा आणि त्यांची तत्वज्ञाने यांच्या उगमाची अन्वीक्षा खंड.1. | ||
| 942 | _cBOOK | ||
| 999 |
_c1341084 _d1341081 |
||